000 00629nam a2200217Ia 4500
005 20250508170050.0
008 008 250505s9999 xx 000 0 eng d
020 _a978-1-138-56511-1
037 _aReference
040 _aFEDL
_beng
_cFEDL
041 _aeng
_2eng
084 _a302, HEN/RR
_qFEDL
100 _aHenney Susan M
_9782881
245 0 _aDevelopment of community engagement from infancy to adulthood
260 _aLondon, UK
_bRoutledge
_c2019
300 _axii, 118p.
365 _aGBP
_b120
700 _a Hackett Justin D
_9782882
942 _cREF
_h302, HEN/RR
999 _c1399029
_d1399029